Central Library OPAC University of Rajshahi

Mental health and the psychoneuroses / (Record no. 1356)

MARC details
000 -LEADER
fixed length control field 00755cam a2200253u 4500
001 - CONTROL NUMBER
control field 1356
003 - CONTROL NUMBER IDENTIFIER
rucl marc code BD-RjUL
005 - DATE AND TIME OF LATEST TRANSACTION
control field 20211208233325.0
008 - FIXED-LENGTH DATA ELEMENTS--GENERAL INFORMATION
fixed length control field 131125s1952 enk 000 0 eng d
035 ## - SYSTEM CONTROL NUMBER
System control number (BD-RjUL)1378
040 ## - CATALOGING SOURCE
Original cataloging agency DLC
Transcribing agency CarP
Modifying agency DLC
-- BD-RjUL
Language of cataloging eng
041 ## - LANGUAGE CODE
Language code of text/sound track or separate title eng
082 ## - DEWEY DECIMAL CLASSIFICATION NUMBER
Edition number 19
Classification number 616.89
Author mark and year HAM 1952
100 1# - MAIN ENTRY--PERSONAL NAME
Personal name Hadfield, James Arthur,
Dates associated with a name 1882- [from old catalog]
9 (RLIN) 4018
245 10 - TITLE STATEMENT
Title Mental health and the psychoneuroses /
Statement of responsibility, etc. James Arthur, Hadfield.
250 ## - EDITION STATEMENT
Edition statement Abridged ed.
260 ## - PUBLICATION, DISTRIBUTION, ETC. (IMPRINT)
Place of publication, distribution, etc. London,
Name of publisher, distributor, etc. Allen & Unwin
Date of publication, distribution, etc. [1952]
300 ## - PHYSICAL DESCRIPTION
Pagination vii, 176 p. ;
Size 21 cm.
650 #0 - SUBJECT ADDED ENTRY--TOPICAL TERM
Topical term or geographic name as entry element Psychiatry.
9 (RLIN) 4019
942 ## - ADDED ENTRY ELEMENTS (KOHA)
Source of classification or shelving scheme Dewey Decimal Classification
Koha item type Books
Holdings
Lost status Source of classification or shelving scheme Damaged status Not for loan Collection code Permanent Location Current Location Shelving location Date acquired Source of acquisition Cost, normal purchase price Total Checkouts Full call number Date last seen Copy number Koha item type
  Dewey Decimal Classification   Not For Loan Non-fiction Central Library, University of Rajshahi Central Library, University of Rajshahi Reading Room 05/04/1956 A. B. C. 8.20   616.89 HAM 1952 25/11/2013 C-1 Books